Statistics for Top 10 Countries With Least Cultivated Land

Click here to take the quiz!

General Stats

  • This quiz has been taken 262 times
    (236 since last reset)
  • The average score is 6 of 10

Answer Stats

Km of cultivated landAnswer% Correct
10San Marino
80%
10Andorra
76%
20Singapore
63%
17Tuvalu
62%
40Liechtenstein
60%
56Bahrain
59%
60Palau
58%
58Saint Kitts and Nevis
44%
69Seychelles
41%
9Djibouti
31%

Score Distribution

Percentile by Number Answered

Percent of People with Each Score

Your Score History

You have not taken this quiz since the last reset